लोड हो रहा है...

Micro-credit self-help group and women empowerment /

ग्रंथसूची विवरण
मुख्य लेखक: Barik, N. K.
स्वरूप: Printed Book
भाषा:English
प्रकाशित: Delhi : Manglam Publications, 2011.
LEADER 00526nam a22001457a 4500
008 180112b xxu||||| |||| 00| 0 eng d
999 |c 165357  |d 165357 
020 |a 9789381142295 
082 |a 332.7420  
100 |a Barik, N. K. 
245 |a Micro-credit self-help group and women empowerment /  |c N. K. Barik 
260 |b Manglam Publications,  |c 2011.  |a Delhi : 
300 |a 280 p. 
942 |c BK 
952 |0 0  |1 0  |4 0  |6 332_742000000000000_BAR_M  |7 0  |9 181722  |a CMS  |b CMS  |c ST1  |d 2018-01-12  |i 12584  |l 0  |o 332.7420 BAR/M  |p CMS12584  |r 2018-01-12  |w 2018-01-12  |y BK